Redes sociales, circuitos trasnacionales y migración emergente: los migrantes hidalguenses en Estados Unidos /
Guardado en:
| Autor principal: | |
|---|---|
| Formato: | Texto |
| Etiquetas: |
Agregar Etiqueta
Sin Etiquetas, Sea el primero en etiquetar este registro!
|
MARC
| LEADER | 00000 a a2200000 04500 | ||
|---|---|---|---|
| 001 | 41890 | ||
| 003 | |||
| 040 | |||
| 100 | |a Escala Rabadán, Luis | ||
| 245 | |a Redes sociales, circuitos trasnacionales y migración emergente: los migrantes hidalguenses en Estados Unidos / |c Luis Escala Rabadán | ||
| 773 | |g (2008), páginas 165-192 | ||
| 999 | |c 27461 |d 27461 | ||
